000 00298nam a22001217a 4500
999 _c15430
_d15430
020 _a9789381450307
082 _a624
_bROY/FU
100 _aRoy R.K
_93128
245 _aFundamentals of garden designing /
260 _aNew delhi;
_bNew india publishing agency ,
_c2013
300 _a699.
942 _cBK